000 00352 a2200169 4500
001 171563
020 _a85-322-0140-7
040 _cMagnum
100 _aGaldino, Luiz
240 1 0 _aO sapo encantado
_lpor
245 1 0 _aO sapo encantado
300 _a40
362 0 _a1992
440 1 _aFTD
697 _aLITERATURA INFANTO-JUVENIL
942 _cBK
999 _c171563
_d171563